| 000 | 00887nam a2200217Ii 4500 | ||
|---|---|---|---|
| 003 | JO-AjNU | ||
| 008 | 230605s9999||||xx |||||||||||||| ||und|| | ||
| 017 | _a2008/24896 | ||
| 040 |
_aJO-AjNU _bara _erda _cJO-AjNU |
||
| 041 | _aara | ||
| 050 | 1 | 4 | _aBP173.759 2009 |
| 100 | 3 |
_aوهدان، أحمد حسين عبد الرحمن ؛ تقديم: مشهور بن حسن آل سلمان ، سمير مراد, _eauthor _911394 |
|
| 245 | 0 | 0 | _aأحكام البيوع المتعامل بها في أسواق الجملة للخضار وتكييفها الفقهي : دراسة فقهية معاصرة |
| 250 | _aط1 | ||
| 264 | 3 | 1 | _aعمان: الدار الأثرية ، 2009 |
| 300 |
_a235ص _bالمراجع(ص217-229) |
||
| 336 |
_atext _btxt _2rdacontent |
||
| 337 |
_aunmediated _bn _2rdamedia |
||
| 338 |
_avolume _bnc _2rdacarrier |
||
| 650 | 4 |
_aالبيع- فقه اسلامي _911395 |
|
| 999 |
_aA2303 _c5871 _d5871 |
||